Kickers Offenbach Kader 2024/25 - Statistiken

Allgemein
  • Dieses Quiz wurde 51 mal gespielt
    20 seit der letzten Aktualisierung
  • Das Durchschnittsergebnis liegt bei 19 aus 28
Antwortstatistiken
Nr Spieler % Korrekt
1 Johannes Brinkies
100%
32 Vincent Moreno
100%
10 Dimitrij Nazarov
94%
5 Alexander Sorge
89%
31 Ronny Marcos
89%
7 Stephan Mensah
89%
11 Boubacar Barry
83%
27 Jayson Breitenbach
83%
17 Marc Wachs
83%
21 Ron Berlinski
83%
3 Maximilian Rossmann
78%
13 Noel Knothe
78%
23 Sascha Korb
78%
6 Daniel Dejanovic
72%
29 Keanu Staude
72%
14 Kristjan Arh Cesen
72%
9 Valdrin Mustafa
72%
8 Onur Ünlücifci
67%
24 Ouassim Karada
61%
16 Angelo Tramontana
56%
19 Jan Urbich
56%
18 Lucas Becker
56%
20 Irwin Pfeiffer
50%
26 Almin Mesanovic
44%
36 Luca Horst
28%
37 Oliver Kovacic
28%
22 Matija Damjanovic
22%
34 Jens Mühlig
11%
Keine übereinstimmenden Quizze gefunden
Verteilung der Resultate
Anzahl Personen mit jedem Resultat
Perzentil nach korrekt beantworteten Fragen
Ihre Resultats-Entwicklung
Sie haben dieses Quiz seit der letzten Aktualisierung nicht gespielt